| 000 | 00571nam a22002057a 4500 | ||
|---|---|---|---|
| 005 | 20240430101812.0 | ||
| 008 | 240430b |||||||| |||| 00| 0 eng d | ||
| 020 | _a9780808924319 | ||
| 082 |
_a612 _bBEN-C |
||
| 100 | _aBennett Peter N | ||
| 245 |
_aClinical Pharmacology / _cBennett Peter N, Morris J Brown,Pankaj Sharma |
||
| 250 | _a11th ed. | ||
| 260 |
_aChina ; _bChirchill : _c2012 |
||
| 300 |
_aix,666p. _bill; _c24cm. |
||
| 500 | _ainclude index . | ||
| 650 | _aMedical / Pharmacology | ||
| 700 | _aMorris J Brown | ||
| 700 | _aPankaj Sharma | ||
| 999 |
_c35638 _d35638 |
||